| 000 | 00927nam a2200253 a 4500 | ||
|---|---|---|---|
| 001 | BRL_310 | ||
| 005 | 20190320210700.0 | ||
| 008 | 240713s1956----u--o######---#000-0#eng-# | ||
| 041 | _aeng | ||
| 044 | _au | ||
| 050 | 4 |
_aML50.M939 _b.M59 1956 |
|
| 100 | 1 |
_aMozart, Wolfgang Amadeus _d1756-1791 _923512 |
|
| 245 | 1 | 0 |
_aThe Marriage of Figaro = _bLe Nozze di Figaro, opera buffa in four acts _cmusic by Wolfgang Amadeus Mozart; libretto by Lorenzo da Ponte; Beaumaerchais´ comedy, Le Mariage de Figaro. |
| 260 |
_a[Estados Unidos] _b[Radio Corporation of America] _c1956 |
||
| 300 |
_a[40 p.] _bil. _c30 cm. |
||
| 500 | _aAu2309 | ||
| 500 | _aTexto en: italiano e inglés | ||
| 650 | 1 | 4 |
_aOpera _xLibretos _923513 |
| 700 | 1 |
_ada Ponte, Lorenzo _d1749-1838 _923514 |
|
| 700 | 1 |
_aBeaumarchais, Pierre Augustin Caron de, _d1732-1799. _tMariage de Figaro. _923515 |
|
| 740 | 0 | _aLe Nozze di Figaro | |
| 902 | _aGRL | ||
| 942 |
_2lcc _cB |
||
| 999 |
_c9123 _d9123 |
||